000 00594nam a2200205Ia 4500
005 20250923145350.0
008 008 250917s9999 xx 000 0 eng d
037 _aTextual
040 _aDSWL
_beng
_cDSWL
041 _aeng
_2eng
084 _aY12(T4):1x2, N77
_qDSWL
100 _aMukherjee, Dhurjali
_9834539
245 0 _aYouth change and challenge
_c by Dhurjali Mukherjee
260 _aCalcutta
_bFirma K.L.M.
_c1977
300 _axvi,162 p.
365 _aINR
_b30 . 0
925 _g30 . 0
942 _cTEXL
_hY12(T4):1x2, N77
999 _c1450502
_d1450502